Science Quiz

Random Science or Elements Quiz

Most Common 3-Letter Sequences in Elements Quiz Stats

 Plays Quiz Updated Jan 26, 2018

Challenge
Share
Tweet
Embed
Score 0/18 Timer 05:00
6 Plays Today
Frequency Sequence % Correct
78ium
98.5%
4gen
86.9%
6ine
60.1%
7liu
46%
19niu
44.8%
5siu
41.2%
10diu
40.9%
7miu
38.9%
10riu
38.2%
Frequency Sequence % Correct
5ciu
37%
4tiu
36.2%
4num
35.4%
4biu
32.7%
5tin
29.7%
4nes
18%
4oni
14.1%
5eni
13.4%
4ini
11.6%

You're not logged in!

Compare scores with friends on all Sporcle quizzes.
Join for Free
OR
Log In

You Might Also Like...

Show Comments

Extras

Top Quizzes Today


Score Distribution

Your Account Isn't Verified!

In order to create a playlist on Sporcle, you need to verify the email address you used during registration. Go to your Sporcle Settings to finish the process.

Report this User

Report this user for behavior that violates our Community Guidelines.

Details: